Cities and urban life / (Record no. 531733)

000 -LEADER
fixed length control field 00700cam a22002534a 4500
003 - CONTROL NUMBER IDENTIFIER
control field NUST
005 - DATE AND TIME OF LATEST TRANSACTION
control field 20191024143645.0
008 - FIXED-LENGTH DATA ELEMENTS--GENERAL INFORMATION
fixed length control field 191024b ||||| |||| 00| 0 eng d
020 ## - INTERNATIONAL STANDARD BOOK NUMBER
International Standard Book Number 9780205206377 (alk. paper)
020 ## - INTERNATIONAL STANDARD BOOK NUMBER
International Standard Book Number 0205206379 (alk. paper)
038 ## - RECORD CONTENT LICENSOR
Staff Name MSOHAIL
082 00 - DEWEY DECIMAL CLASSIFICATION NUMBER
Classification number 307.76
100 1# - MAIN ENTRY--PERSONAL NAME
Personal name Macionis, John J.
9 (RLIN) 24723
245 10 - TITLE STATEMENT
Title Cities and urban life /
250 ## - EDITION STATEMENT
Edition statement 5th ed.
260 ## - PUBLICATION, DISTRIBUTION, ETC.
Place of publication, distribution, etc. Boston :
Name of publisher, distributor, etc. Pearson,
Date of publication, distribution, etc. c2010.
300 ## - PHYSICAL DESCRIPTION
Extent 456 p. :
Other physical details ill. ;
650 #0 - SUBJECT ADDED ENTRY--TOPICAL TERM
Topical term or geographic name entry element Cities and towns.
9 (RLIN) 23445
650 #0 - SUBJECT ADDED ENTRY--TOPICAL TERM
Topical term or geographic name entry element Cities and towns
9 (RLIN) 23445
650 #0 - SUBJECT ADDED ENTRY--TOPICAL TERM
Topical term or geographic name entry element Sociology, Urban.
9 (RLIN) 24619
650 #0 - SUBJECT ADDED ENTRY--TOPICAL TERM
Topical term or geographic name entry element City and town life.
9 (RLIN) 14061
700 1# - ADDED ENTRY--PERSONAL NAME
Personal name Parrillo, Vincent N.
9 (RLIN) 24724
942 ## - ADDED ENTRY ELEMENTS (KOHA)
Koha item type Book
Source of classification or shelving scheme
Holdings
Withdrawn status Lost status Source of classification or shelving scheme Damaged status Not for loan Permanent Location Current Location Date acquired Total Checkouts Full call number Barcode Date last seen Price effective from Koha item type
          School of Civil and Environmental Engineering (SCEE) School of Civil and Environmental Engineering (SCEE) 10/24/2019   307.76 NIT-11669 10/24/2019 10/24/2019 Book
© 2023 Central Library, National University of Sciences and Technology. All Rights Reserved.